DYNAMIC STATUTORY INTERPRETATION (Record no. 9904)

MARC details
000 -LEADER
fixed length control field 00323nam a22001457a 4500
003 - CONTROL NUMBER IDENTIFIER
control field SGT
020 ## - INTERNATIONAL STANDARD BOOK NUMBER
International Standard Book Number 9788175341814
082 ## - DEWEY DECIMAL CLASSIFICATION NUMBER
Classification number 340.14,ESK
100 ## - MAIN ENTRY--PERSONAL NAME
Personal name ESKRIDGE, WILLIAM N
245 ## - TITLE STATEMENT
Title DYNAMIC STATUTORY INTERPRETATION
250 ## - EDITION STATEMENT
Edition statement 1ST
260 ## - PUBLICATION, DISTRIBUTION, ETC. (IMPRINT)
Place of publication, distribution, etc NEW DELHI
Name of publisher, distributor, etc UNIVERSAL BOOK
Year of Publication 2009
300 ## - PAGE DESCRIPTION
No. of Pages 438
942 ## - ADDED ENTRY ELEMENTS (KOHA)
Source of classification or shelving scheme Dewey Decimal Classification
Koha item type Books
Holdings
Withdrawn status Lost status Source of classification or shelving scheme Damaged status Not for loan Collection code Home library Current library Shelving location Date acquired Vendor Name Cost, normal purchase price SGTU Bill Number Total Checkouts Full call number Accession No. (Barcode) Date last seen Date last borrowed Bill Date Koha item type
    Dewey Decimal Classification     LAW SGT Science & Social Sciences Library SGT Science & Social Sciences Library Text Book 10/09/2016 JUPITER LAW HOUSE 425.00 SGTU 856 1 340.14,ESK FL491 11/01/2020 04/01/2020 31/10/2014 Books
    Dewey Decimal Classification   Not For Loan LAW SGT Science & Social Sciences Library SGT Science & Social Sciences Library Reference Book 10/09/2016 JUPITER LAW HOUSE 425.00 SGTU 856   340.14,ESK FL492 10/09/2016   31/10/2014 Books